00273nam a2200121Ia 45000030006000000080041000060400015000471000027000622450024000892600009001135460012001220050017001340STCL150530s9999 xx 000 0 und d aSTCLcSTCL aIra Konigsberg; Editor aClassic short story c1971 aEnglish20220125171343.0